Normal view
MARC view
Entry Nombre personal
001 - NÚMERO DE CONTROL
- campo de control: 130558
003 - IDENTIFICADOR DEL NÚMERO DE CONTROL
- campo de control: OSt
005 - FECHA Y HORA DE LA ÚLTIMA TRANSACCIÓN
- campo de control: 20221027095805.0
008 - DATOS DE LONGITUD FIJA
- campo de control de longitud fija: 160302 a|ac|n|aab||||||||||||a |n|||||||
040 ## - FUENTE DE LA CATALOGACIÓN
- Centro catalogador/agencia de origen: OSt
- Centro/agencia transcriptor: OSt
100 1# - ENCABEZAMIENTO-NOMBRE DE PERSONA
- Nombre de persona: Elorza Tejada, José Luis
370 ## - LUGAR ASOCIADO
- País asociado: México
371 ## - DIRECCIÓN
- Ciudad: Texcoco
- Jurisdicción secundaria/intermedia: Estado de México
374 ## - OCUPACIÓN
- Ocupación: Alumno
375 ## - GÉNERO/SEXO
- Género/Sexo: Masculino
